00256nam a2200097Ia 4500008004100000100001700041245005400058260003000112300000800142650000800150191201s2009 xx 000 0 und d aAGRAWAL, Raj 0aInternational Business Environment and Management aN. DelhibVikas Pubc2009 a334 aMBA